000 00783nam a2200265Ia 4500
003 OSt
005 20221005031039.0
006 a|||||r|||| 00| 0
007 ta
008 221004b |||||||| |||| 00| 0 eng d
020 _a074562345X
_c1414.41
024 _a81945
037 _b1723, 30/03/2005, Bharat Scientific Syndicate
_cTextual
040 _aCRL
_cCRL
_beng
041 _2eng
_aeng
082 _aR4:gxN, P3
100 _aMiller Alexander
245 0 _aIntroduction to contemporary Metaethics
260 _aCambridge
_bPolity Press U. K.
_c2003
300 _a316p.
_ccm.
650 _a PHILOSOPHY
650 _aETHICS
942 _hR4:gxN, P3
_cTEXL
_2cc
999 _c937119
_d937119